Az u. n. thrák lovasisten problémája

Elmentve itt :
Bibliográfiai részletek
Szerző: Dr. Buday Árpád
Dokumentumtípus: Cikk
Megjelent: 1926
Sorozat:Dolgozatok a Magyar Királyi Ferencz József Tudományegyetem Archaeologiai Intézetéből 2
Kulcsszavak:thrák, lovas ábrázolások, lovas hős
Online Access:http://acta.bibl.u-szeged.hu/31
LEADER 00656nab a2200169 i 4500
001 acta31
005 20210616155622.0
008 161015s1926 hu o 0|| hun d
040 |a SZTE Egyetemi Kiadványok Repozitórium  |b hun 
041 |a hun 
100 2 |a Dr. Buday Árpád 
245 1 3 |a Az u. n. thrák lovasisten problémája  |h [elektronikus dokumentum] /  |c  Dr. Buday Árpád 
260 |c 1926 
300 |a 1-55 
490 0 |a Dolgozatok a Magyar Királyi Ferencz József Tudományegyetem Archaeologiai Intézetéből  |v 2 
695 |a thrák, lovas ábrázolások, lovas hős 
856 4 0 |u http://acta.bibl.u-szeged.hu/31/1/dolgozatok_1926_001-055.pdf  |z Dokumentum-elérés